000 00298nam a22001337a 4500
008 170915b xxu||||| |||| 00| 0 eng d
020 _a0130487112
041 _aeng
080 _a7
100 _a44
101 _aART
245 _aARTS IDEAS AND CIVILIZATION
_cHOBBS.J.A
942 _2udc
_cBK
999 _c27775
_d27775